MDQL
is popping MORE tags! Check the
thread
!
Quizzes
Events
Quiz Creation
Community
Videos
Private Events
Remove Ads
Sign In
Join for FREE
Feedback
Dark Mode
Quiz Categories
Sports
Geography
Music
Movies
Television
Just For Fun
Miscellaneous
History
Literature
Language
Science
Gaming
Entertainment
Religion
Holiday
For Kids
Quiz Lab
Recent
Popular Today
Quiz Kudos Today
Editor Picks
Curator Picks
Quizzes by...
Day
Popularity
Type
Ratings
Length
Year
Community
Subscriptions
Recent Discussions
Orange Saloon
Badges
Playlists
Quests
Create
Leaderboards
Showdown
Live 5
Trivia Bingo
Activity
Puzzle Library
Sporcle Events
Private Events
Virtual Trivia
Globe League
Become a Host
Pub Owners
SporcleCon
Opinionation
Our Games
Videos
Blog
Mobile Apps
Partnerships
Remove Ads and Go Orange
Feedback
Gaming
Video Games
Board Games
Card Games
Pokémon
Mario
Nintendo
Minecraft
Console
Toys
Legend of Zelda
Gaming
Video Games
Board Games
Card Games
Pokémon
Mario
Nintendo
Minecraft
Console
Toys
Legend of Zelda
Random Quiz
Search Sporcle
×
Quiz Lab
Quiz Lab
Gaming
Clickable
Select answers by clicking on text or image buttons
Select answers by clicking on text or image buttons
Clickable
Best Score? Go Orange.
Name That Evil: Part Two Stats
Can you match the first and last names of the characters from the Resident Evil universe?
By
comegetsomeevil
5m
55 Questions
188 Plays
188 Plays
188 Plays
Comments
Comments
Give Quiz Kudos
Give Quiz Kudos
-
- Ratings
hide this ad
Replay
Link that replays current quiz
Next Quiz
Link to next quiz in quiz playlist
You Got
0%
They Got
Avg Score
70%
Avg Friend Score
Upgrade to see
Score Distribution
Jump to the score distribution portion of the page
Score
0/55
Timer
05:00
0
Plays Today
% Correct
Chris
96.8%
Claire
96.8%
Albert
96.3%
Ada
96.3%
Jill
94.1%
Leon
93.1%
Barry
91%
Sherry
90.4%
Alexia
89.4%
Ashley
89.4%
Annette
88.8%
Rebecca
87.2%
Carlos
87.2%
William
85.6%
Ingrid
85.6%
Alfred
84.6%
Billy
84%
Jack
83%
Brad
82.4%
Helena
82.4%
Jake
81.9%
Piers
79.8%
Alexander
79.8%
Sheva
78.7%
Luis
78.2%
Osmund
78.2%
Steve
77.7%
Ramon
76.6%
% Correct
Deborah
75.5%
Brian
73.9%
Ozwell
72.3%
Lisa
71.3%
Carla
66%
Derek
66%
Enrico
64.9%
Nicholai
64.4%
Bitores
63.8%
James
62.8%
Josh
62.8%
Forest
61.7%
Fong
61.7%
Joseph
59.6%
Richard
58.5%
Jessica
56.4%
Kenneth
51.1%
Parker
50%
Sergei
48.4%
Adam
45.2%
Mikhail
42%
Jack
41%
Raymond
37.8%
Quint
36.2%
Keith
35.1%
Bruce
33.5%
0%
Quiz Playlist
Details
Report
Send in Message
Add To Playlist
Clickable:
Select answers by clicking on text or image buttons
Last Updated: Feb 16, 2017
Quiz Scoreboard
CHALLENGE
Sign Up to Join the Scoreboard
Show All
Scores
Hide
Comments
May contain spoilers
Recently Published
Find the 'City' Movie
by crazypaving
Movies
60s
5x2 Blitz: Bands
by SL_Kpop136
Music
30s
Colored Red Africa Blitz
by spor1
Geography
30s
More to Explore
Quiz From the Vault
Featured Blog Post
14 Easter Pick-up Lines to Find Eggs With
hide this ad
You Might Also Like...
Tags
Clickable Quiz
Character
Evil
last
resident
Resident Evil
Universe
Today's Top Quizzes in Gaming
Browse Gaming
hide this ad
Today's Top Quizzes in Clickable
Browse Clickable
Top Contributed Quizzes in Gaming
1
Dead By Daylight Logic Puzzle
2
League of Legends Pro Players by Career/Team History
3
Destiny 2 exotic weapons by perk icons
4
Genshin Impact Logic Puzzle
5
Overwatch 2: Ultimate Ability Icons
6
Genshin Impact Logic Puzzle Quiz II
7
Windmill: Elements
8
Overwatch Logic Puzzle
9
Genshin Impact Logic Puzzle Quiz
10
Genshin murder mystery
Explore More
Trending Topics
Marvel
NBA
Anime
Kpop
Crossword
Harry Potter
Disney
Puzzle
WWE
Pokémon
The Office
NFL
Soccer
Song
Country
hide this ad
More By:
comegetsomeevil
Quiz
Plays
Rating
Category
Featured
Created
Name That Evil
263
Gaming
May 24, 2014
Name That Evil: Part Two
188
Gaming
May 29, 2014
Go to Creator's Profile
Score Distribution
Quiz Creator Spotlight
comegetsomeevil
Follow
Send a Message
Quizzes Created
-
Created Quiz Play Count
-
More By This Creator
Popular Quizzes Today
1
Colored Red Africa Blitz
2
Find the US States - No Outlines Minefield
3
Find the 'City' Movie
4
5x2 Blitz: Bands
5
The Countries of the World
6
Find the US States
7
US States
8
9x9 Crossword: Cartoon Network
More Gaming Quizzes
Overwatch: Junkrat Skins (Quick Pick)
Quiz Lab
Trending Quizzes
Colored Red Europe Blitz I
Colored Red Europe Blitz II
Colored Red Africa Blitz II
Colored Red Africa Blitz III
Colored Red Europe Blitz III
Recently Updated
Godzilla Movies
pecheneg
Grab Bag: 4-10 Letters
pecheneg
2024 March Madness Bracket
pecheneg
Famous TV Couples
Peacemaker
Champions League XIs: Real Madrid
pecheneg
Largest US Cities 1790-2010
pecheneg
Rides in Walt Disney World
pecheneg
Most Oscar Losses (Acting)
pecheneg
Beyoncé Albums
pecheneg
Leaping Animals
pecheneg
Trending Topics
Disney
Kpop
NBA
Anime
Crossword
Marvel
Harry Potter
Puzzle
Song
Soccer
WWE
NFL
Pokémon
The Office
Country
Your Account Isn't Verified!
In order to create a playlist on Sporcle, you need to verify the email address you used during registration. Go to your
Sporcle Settings
to finish the process.
Report this User
Report this user for behavior that violates our
Community Guidelines
.
Details:
Send Report
Go to the Sporcle.com Mobile Site →
Comments